000 00230nam a22000857a 4500
008 160716b xxu||||| |||| 00| 0 eng d
100 _92926
_a Swift, J
245 _aGulliver's Travels
260 _aUSA
_bTrident Press International
_c2001
999 _c2491
_d2491